| 000 | 00759cam a22002533a 4500 | ||
|---|---|---|---|
| 001 | 8077 | ||
| 003 | PGUSA | ||
| 005 | 20140828083152.0 | ||
| 008 | 050501s2005||||xxu|||||s|||||000 | eng d | ||
| 040 |
_aPGUSA _beng |
||
| 042 | _adc | ||
| 050 | 4 | _aHM | |
| 100 | 1 |
_aRobinson, James Harvey, _d1863-1936 |
|
| 245 | 1 | 4 |
_aThe Mind in the Making : _bThe Relation of Intelligence to Social Reform _h[electronic resource] / _cJames Harvey Robinson |
| 260 |
_bProject Gutenberg, _c2005 |
||
| 506 | _aPublic domain in the USA. | ||
| 516 | _aElectronic text | ||
| 653 | _aCivilization -- History | ||
| 653 | _aSocial problems | ||
| 653 | _aSocial psychology | ||
| 830 | 0 |
_aProject Gutenberg _v8077 |
|
| 856 | 4 | 0 | _uhttp://www.gutenberg.org/ebooks/8077 |
| 942 | _cEB | ||
| 999 |
_c237377 _d237377 |
||